000 00904nam a2200289Ia 4500
003 OSt
005 20220912150602.0
006 a|||||r|||| 00| 0
007 ta
008 220909b |||||||| |||| 00| 0 eng d
024 _a56741
037 _cTextual
040 _aCSL
_beng
_cCSL
041 _aeng
082 _aL113:47257p1,N73, L3
100 _aSchultz J Ed.
111 _aInternational confernce on the role of cyclic nucleotides in carcinogenesis (1973 : Florida)
245 0 _aProceeding on the role of cyclic nucleotides in carcinogenesis
260 _aNew York
_b Academic Press
_c1973
300 _axiv, 373p.
_ccm.
490 _aMiami winter symposia; 6
650 _a Human cells
650 _aMedicine
700 _a Gratzner H G Ed.
942 _hL113:47257p1,N73, L3
_cTEXL
_2CC
999 _c50592
_d50592